NOPLP Révisions - Sensualité - Statistiques

Statistiques générales
  • Ce quiz a été pris 6 fois
  • Le résultat moyen est 36 sur 63
Statistiques - réponses
Réponse % Correct
Jamais je n'aurais pensé
100%
Tant besoin de lui
100%
Désir ou amour
80%
J'aime j'aime tes yeux
80%
J'aimerais que ce moment
80%
J'aime ton odeur
80%
Lentement dirigés
80%
Sensualité
80%
Ta sensualité
80%
Tous tes gestes en douceur
80%
Tu le sauras un jour
80%
Désir ou amour
60%
Désir ou amour
60%
Tous tes gestes en douceur
60%
Et maman m'avait dit
60%
Fixe pour des tas d'années
60%
Fixe pour des tas d'années
60%
Fixe pour des tas d'années
60%
Il paraît qu'après quelque temps
60%
J'aime j'aime tes yeux
60%
J'aime j'aime tes yeux
60%
J'aimerais que ce moment
60%
J'aimerais que ce moment
60%
J'aime ton odeur
60%
J'aime ton odeur
60%
Je me sens si envoûtée
60%
Je t'aimerai encore et encore
60%
Je te demande si simplement
60%
La passion s'affaiblit
60%
Lentement dirigés
60%
Lentement dirigés
60%
Ne fais pas semblant
60%
(Oh) stop un instant
60%
(Oh) stop un instant
60%
(Oh) stop un instant
60%
Pas toujours apparemment
60%
Que ma maman me dit
60%
Ralentis
60%
Ralentis
60%
Sensualité
60%
Sensualité
60%
Ta sensualité
60%
Ta sensualité
60%
Tous tes gestes en douceur
60%
Tu le sauras un jour
60%
Tu le sauras un jour
60%
Fixe pour des tas d'années
40%
J'aimerais que ce moment
40%
J'aime ton odeur
40%
J'aime ton odeur
40%
Lentement dirigés
40%
Lentement dirigés
40%
(Oh) stop un instant
40%
Sensualité
40%
Sensualité
40%
Ta sensualité
40%
Tous tes gestes en douceur
40%
Tous tes gestes en douceur
40%
Fixe pour des tas d'années
20%
J'aimerais que ce moment
20%
Oh stop un instant
20%
Tes yeux
20%
Tes yeux
20%
Aucun quiz correspondant
Distribution des résultats
% des personnes avec chaque résultat
Percentile par nombre de réponses
Votre historique - résultats
Vous n’avez pas pris ce quiz